[Event "5th Las Palmas it"]
[Site "Las Palmas ESP"]
[Date "1976.04.??"]
[Round "10"]
[White "Menvielle Laccourreye, Augusto"]
[Black "Debarnot, Roberto Luis"]
[WhiteElo "2360"]
[BlackElo "2350"]
[Result "0-1"]
[EventDate "1976.04.05"]
[PlyCount "92"]

1.e4 e6 2.Nf3 d5 3.e5 c5 4.c3 d4 5.Bb5+ Bd7 6.Bxd7+ Qxd7 7.c4 f5 8.exf6 
gxf6 9.O-O Nc6 10.d3 O-O-O 11.Nbd2 f5 12.Re1 Bd6 13.a3 Nf6 14.Nf1 Rhg8 15.
Bg5 Rg6 16.Qd2 Rdg8 17.Ng3 e5 18.Bxf6 Rxf6 19.Nh5 Rff8 20.Kh1 f4 21.Qe2 
Qg4 22.Ng3 fxg3 23.fxg3 a5 24.Qd2 Rxf3 25.Re4 Qf5 26.gxf3 Qxf3+ 27.Kg1 Rf8
28.Qe2 a4 29.Rf1 Qxe2 30.Rxe2 Kd7 31.Re4 Rxf1+ 32.Kxf1 Bf8 33.Ke2 Ke6 34.
Rh4 h6 35.Rg4 Ne7 36.Kf3 Kf5 37.Re4 Nc8 38.Re2 Nd6 39.g4+ Ke6 40.h4 Be7 
41.Rh2 e4+ 42.dxe4 Nxc4 43.g5 hxg5 44.h5 Ne5+ 45.Ke2 d3+ 46.Kd1 Ng4 0-1

[Event "5th Las Palmas it"]
[Site "Las Palmas ESP"]
[Date "1976.04.??"]
[Round "11"]
[White "Geller, Efim"]
[Black "Rodriguez Vargas, Orestes"]
[WhiteElo "2620"]
[BlackElo "2435"]
[Result "1-0"]
[EventDate "1976.04.05"]
[PlyCount "45"]

1.e4 e5 2.Nf3 Nc6 3.Bb5 f5 4.Nc3 Nd4 5.Bc4 c6 6.O-O Nf6 7.Nxe5 fxe4 8.Nf7 
Qe7 9.Nxh8 d5 10.Be2 Bf5 11.d3 O-O-O 12.Be3 Nxe2+ 13.Nxe2 g6 14.dxe4 dxe4 
15.Qe1 Bg7 16.Qa5 Ng4 17.Rad1 Rxd1 18.Rxd1 Nxe3 19.fxe3 Bxh8 20.Qxa7 Be5 
21.Qa8+ Bb8 22.Qa3 c5 23.Nf4 1-0

[Event "5th Las Palmas it"]
[Site "Las Palmas ESP"]
[Date "1976.04.??"]
[Round "11"]
[White "Tseshkovsky, Vitaly"]
[Black "Menvielle Laccourreye, Augusto"]
[WhiteElo "2550"]
[BlackElo "2360"]
[Result "1-0"]
[EventDate "1976.04.05"]
[PlyCount "73"]

1.e4 e5 2.Nf3 Nc6 3.Bb5 f5 4.Nc3 fxe4 5.Nxe4 d5 6.Ng3 Bg4 7.h3 Bxf3 8.Qxf3
Nf6 9.Bxc6+ bxc6 10.Qc3 Qd6 11.O-O Kd7 12.d4 Re8 13.Be3 e4 14.Qd2 Qe6 15.
Bf4 Bd6 16.Bxd6 Kxd6 17.c4 Kd7 18.Rfe1 h5 19.cxd5 cxd5 20.Rac1 h4 21.Nf1 
Rc8 22.Rc5 c6 23.Rec1 Rc7 24.b4 Rb8 25.a3 Ne8 26.a4 Rb6 27.Ne3 Nf6 28.b5 
Ke8 29.Qc3 Kd7 30.a5 Rb8 31.Rxc6 Rxc6 32.bxc6+ Kc7 33.Qc5 Ra8 34.Qb5 Rb8 
35.Qa6 Qc8 36.Qxa7+ Kd6 37.Nf5+ 1-0